Normal view
MARC view
Entry Personal Name
001 - CONTROL NUMBER
- control field: 19898
003 - CONTROL NUMBER IDENTIFIER
- control field: ARRUPE
005 - DATE AND TIME OF LATEST TRANSACTION
- control field: 20150914124736.0
008 - FIXED-LENGTH DATA ELEMENTS
- fixed length control field: 150914|| aca||aabn | a|a d
040 ## - CATALOGING SOURCE
- Original cataloging agency: ARRUPE
- Transcribing agency: ARRUPE
100 ## - HEADING--PERSONAL NAME
- Personal name: Staal, Frits.
670 ## - SOURCE DATA FOUND
- Source citation: Work cat.: (ARRUPE)0: Rootselaar, B. van 19892, Logic, methodology and philosophy of science III;, 1968.